Представление документа в формате MARC21

Поле Инд. ПП Название Значение
Тип записи a
Библиографический уровень m
001 Контрольный номер RU/LIBMSTU/415184022
005 Дата корректировки 20200422103835.5
008 Кодируемые данные 130227|||||||||ru |||||||||||000|||rus||
040 b Код языка каталог. rus
041 0_ a Код языка текста rus
084 a Индекс другой классификации/Индекс ББК 94+60.56+60.50+51.2
090 a Полочн. индекс 94
x Авторский знак Т 35
100 1_ a Автор Терешкина В. Н.
245 10 a Заглавие Мода как фактор развития здорового образа жизни молодежи
b Продолж. заглавия автореф. дис. ... канд. соц. наук : 22.00.04
260 a Место издания Архангельск
c Дата издания 2013
300 a Объем 27 с.
650 04 a Основная рубрика Молодежь-Мода-Социологические исследования
650 14 a Основная рубрика Молодежь-Здоровый образ жизни-Социологические исследования
653 0_ a Ключевые слова Авторефераты диссертаций; Здоровый образ жизни молодежи; Мода; Молодежь; Исследования социологические; Социальная стратификация; Социология моды; Социология молодежи
901 t Тип документа r